000 00631nam a2200241Ia 4500
003 OSt
005 20220918222348.0
006 a|||||r|||| 00| 0
007 ta
008 220917b |||||||| |||| 00| 0 eng d
024 _a216,635
037 _cTextual
040 _aARTS
_cARTS
_beng
041 _2eng
_aeng
082 _aX:8b3, P0
100 _aClegg Brian
_9142942
245 0 _aTraining plus
_b revitalizing your training
260 _aLondon
_bKogen page limited
_c2000
300 _axiv, 195p
_ccm.
650 _aECONOMICS
942 _hX:8b3, P0
_cTEXL
_2CC
999 _c275316
_d275316